000 00228nam a2200097Ia 4500
005 20251222114344.0
008 251222s1900||||xx |||||||||||||| ||spa||
082 _aDVD0070/A66/1992
245 0 _aComo agua para chocolate:
942 _cDVD
999 _c960
_d960